| 000 | 00579nam a2200181Ia 4500 | ||
|---|---|---|---|
| 008 | 220216s9999 xx 000 0 und d | ||
| 100 | _aMathew Aji P | ||
| 245 | 0 | _aStudies on the thermal stability of natural rubber/polystyrene interpenetrating polymer networks: thermogravimetric analysis | |
| 260 |
_bPolymer Degradation and Stability _c2001 |
||
| 300 | _a423-439 | ||
| 650 | _aInterpenetrating polmer networks | ||
| 650 | _aNatural rubber | ||
| 650 | _aPolystyrene | ||
| 650 | _aThermal degradation | ||
| 700 | _aPackirisamy S | ||
| 700 | _aSabu Thomas | ||
| 942 | _cJS | ||
| 999 |
_c69740 _d69740 |
||